000 00301nam a2200121Ia 4500
005 20251222155048.0
008 251222s9999||||xx |||||||||||||| ||spa||
082 _aEDUM.44
100 _aCOLEGIO DE ENF. PERU.
245 0 _aColegio de enfermeros del PerĂº Consejo.
264 _bNo tiene
942 _cLIB
999 _c37177
_d37177